LEADER 01555nas 2200541- 450 001 996208949703316 005 20230420213021.0 011 $a2169-8961 024 8 $assj0000816911 035 $a(OCoLC)810136014 035 $a(CKB)2560000000094251 035 $a(CONSER)--2012200742 035 $a(MiAaPQ)54726 035 $a(EXLCZ)992560000000094251 100 $a20120918a20139999 --- a 101 0 $aeng 135 $aur||||||||||| 181 $ctxt$2rdacontent 182 $cc$2rdamedia 183 $acr$2rdacarrier 200 00$aJournal of geophysical research$iBiogeosciences 210 1$aHoboken, NJ :$cWiley Subscription Services, Inc.,$d2013- 215 $a1 online resource 300 $aRefereed/Peer-reviewed 311 $a2169-8953 531 0 $aJ. geophys. res. Biogeosciences 606 $aEcology$vPeriodicals 606 $aGeobiology$vPeriodicals 606 $aGeology$vPeriodicals 606 $aEcology$2fast$3(OCoLC)fst00901476 606 $aGeobiology$2fast$3(OCoLC)fst00940325 606 $aGeology$2fast$3(OCoLC)fst00940627 608 $aPeriodicals.$2fast 608 $aPeriodicals.$2lcgft 610 10$aGeology (General) 610 10$aGeologie (algemeen) 615 0$aEcology 615 0$aGeobiology 615 0$aGeology 615 7$aEcology. 615 7$aGeobiology. 615 7$aGeology. 676 $a577 712 02$aAmerican Geophysical Union, 906 $aJOURNAL 912 $a996208949703316 996 $aJournal of geophysical research$972166 997 $aUNISA LEADER 03044nam 2200577 a 450 001 9910139592103321 005 20230612102453.0 010 $a9781444346039 (Ebook) 035 $a(CKB)2550000000051643 035 $a(EBL)693795 035 $a(OCoLC)767579247 035 $a(SSID)ssj0000534810 035 $a(PQKBManifestationID)11333853 035 $a(PQKBTitleCode)TC0000534810 035 $a(PQKBWorkID)10526915 035 $a(PQKB)10658963 035 $a(MiAaPQ)EBC693795 035 $a(Au-PeEL)EBL693795 035 $a(CaPaEBR)ebr10494499 035 $a(CaONFJC)MIL325845 035 $a(EXLCZ)992550000000051643 100 $a20110413d2011 uy 0 101 0 $aeng 135 $aur|n|---||||| 181 $ctxt 182 $cc 183 $acr 200 00$aCare planning in children and young people's nursing$b[electronic resource] /$fedited by Doris Corkin, Sonya Clarke, Lorna Liggett 205 $a1st ed. 210 $aChichester, West Sussex, U.K. $cWiley/Blackwell$d2011 215 $a1 online resource (434 p.) 300 $aDescription based upon print version of record. 311 $a1-4051-9928-8 320 $aIncludes bibliographical references and index. 327 $asection 1. Principles of care planning -- section 2. Care planning : pain management -- section 3. Care of children and young persons with special needs -- section 4. Care of neonates and children with respiratory disorders -- section 5. Care of infants and young persons with cardiac conditions -- section 6. Care planning : surgical procedures -- section 7. Care of infants and young persons with orthopaedic conditions -- section 8. Care of the gastrointestinal tract in infants and children -- section 9. Care of children and young persons with endocrine disorders -- section 10. Care of infants and young persons with skin conditions -- section 11. Care of children and young persons with life-limiting conditions. 330 $aCare Planning in Children and Young People's Nursing addresses a selection of the most common concerns that arise when planning care for infants, children and young people within the hospital and community setting. Clear and detailed, this text reflects both the uniqueness and diversity of contemporary children's nursing and utilizes images and case studies to provide a holistic insight into the practice of care planning through the reporting of best available evidence and current research, policy and education. Divided into sections for ease of reference, Care Planning in C 606 $aPediatric nursing 606 $aNursing care plans 615 0$aPediatric nursing. 615 0$aNursing care plans. 676 $a618.92/00231 701 $aCorkin$b Doris$0915260 701 $aClarke$b Sonya$0915261 701 $aLiggett$b Lorna$0915262 801 0$bMiAaPQ 801 1$bMiAaPQ 801 2$bMiAaPQ 906 $aBOOK 912 $a9910139592103321 996 $aCare planning in children and young people's nursing$92051465 997 $aUNINA